000 00641nam a2200205Ii 4500
003 JO-AjNU
008 230606s9999||||xx |||||||||||||| ||und||
020 _a978-0-470-59180-2
040 _aJO-AjNU
_beng
_erda
_cJO-AjNU
041 _aeng
050 1 4 _aHD2326.P4667.2011
100 3 _aPepall,Lynne/Dan Richards/George Norman,
_eauthor
_91842
245 0 0 _aContemporary Industrial Organization A Quantitative Approach
264 3 1 _aJohn Wiley and Sons,Inc.2011
300 _a558p
336 _atext
_btxt
_2rdacontent
337 _aunmediated
_bn
_2rdamedia
338 _avolume
_bnc
_2rdacarrier
650 4 _a Industrial Organization
_91843
999 _aE971
_c971
_d971